000 00867cam a22002534a 4500
008
020 _a9781412915786 (pbk.)
049 _aMAIN
090 0 _aLB3060.83
_bAIN
100 1 _aAinsworth, Larry.
245 1 0 _aCommon formative assessments :
_bhow to connect standards-based instruction and assessment /
_cLarry Ainsworth and Donald Viegut.
260 _aThousand Oaks :
_bCorwin Press,
_c2006.
300 _axviii, 164 p. :
_bill. ;
_c26 cm.
504 _aIncludes bibliographical references.
500 _aincludes index.
650 0 _aEducation
_xStandards
_zUnited States.
650 0 _aEducational tests and measurements
_zUnited States.
700 1 _aViegut, Donald.
907 _a.b10324914
_b16-01-13
_c12-12-12
003
005 20230123125511.0
040 _cNUST
942 _cBOOKS
_kLB3060.83
_mAIN
999 _c142604
_d142604